Vincent Van Gogh, 1853-1890: visión y realidad
Saved in:
| Hovedforfatter: | |
|---|---|
| Format: | Bog |
| Sprog: | spansk |
| Udgivet: |
Colonia
Taschen
2004
|
| Fag: | |
| Tags: |
Tilføj Tag
Ingen Tags, Vær først til at tagge denne postø!
|
MARC
| LEADER | 00000nam a2200000 a 4500 | ||
|---|---|---|---|
| 001 | UCG7187 | ||
| 003 | CL-VaPUC | ||
| 008 | 110624e20040000GW |||||||||||||||||spa|d | ||
| 020 | |a 3822861936 | ||
| 082 | 0 | 4 | |a 750 |b WAL |2 21 |
| 100 | 0 | |a Walther, Ingo F |e author |9 557818 | |
| 245 | 1 | 0 | |a Vincent Van Gogh, 1853-1890: visión y realidad |
| 300 | |a 95 p | ||
| 942 | |c BK | ||
| 945 | |d 20110624 00:00:00 |a dcastane | ||
| 260 | |a Colonia |b Taschen |c 2004 | ||
| 600 | 0 | 7 | |a GOGH, VINCENT WILLEM VAN |2 CL-VaPUC |9 557819 |
| 650 | 0 | |a Pintura |9 265046 | |
| 650 | 0 | |a Pintura holandesa |9 267860 | |
| 650 | 7 | |a PINTORES HOLANDESES |2 CL-VaPUC |9 557820 | |
| 650 | 0 | |a Postimpresionismo |9 557821 | |
| 583 | |a last modification |c 20110624 00:00:00 |k Rodrigo Vera | ||
| 999 | |c 345251 |d 345249 | ||
| 952 | |0 0 |1 0 |4 0 |6 750_000000000000000_WAL_2004 |7 0 |8 C |9 443733 |a BIBCUR |b BIBCUR |d 2019-11-22 |i 4785851 |l 2 |o 750 WAL 2004 |p 4785851 |r 2025-04-22 |s 2024-08-13 |w 2019-11-22 |y BK |k CAC | ||